000 00290nam a22001337a 4500
008 170821b xxu||||| |||| 00| 0 eng d
020 _a9780918091833
041 _aeng
080 _a51
100 _a37
101 _aMAT
245 _aINTERMEDIATE ALGEBRA
_cCLARL.TH
942 _2udc
_cBK
999 _c24171
_d24171